Sports Quiz

Random Sports or NFL Quiz

NFL 20+/10- QBs since 2000 Quiz Stats

 Plays Quiz Updated Jan 2, 2018

Challenge
Share
Tweet
Embed
Score 0/75 Timer 08:00
2 Plays Today
Year QB % Correct
2006Peyton Manning
98.7%
2004Peyton Manning
98.7%
2003Peyton Manning
98.6%
2005Peyton Manning
98.7%
2010Tom Brady
98.1%
2007Tom Brady
98.1%
2013Peyton Manning
98.1%
2016Tom Brady
98%
2017Tom Brady
98%
2012Tom Brady
97.9%
2014Tom Brady
97.9%
2015Tom Brady
97.9%
2004Drew Brees
91.8%
2008Eli Manning
91.3%
2009Aaron Rodgers
89.4%
2012Aaron Rodgers
89.4%
2011Aaron Rodgers
89.4%
2017Drew Brees
89.3%
2014Aaron Rodgers
88.4%
2015Aaron Rodgers
88.4%
2016Aaron Rodgers
88.4%
2009Brett Favre
84.3%
2013Russel Wilson
82.5%
2016Matt Ryan
82.1%
2009 Philip Rivers
81.9%
2006Philip Rivers
81.9%
2017Alex Smith
80.9%
2012Russell Wilson
80.3%
2014Russell Wilson
80%
2015Russell Wilson
80%
2017Carson Wentz
79.6%
2017Philip Rivers
79.5%
2014Ben Roethlisberger
79.2%
2009Tony Romo
78.7%
2013Alex Smith
78.4%
2011Tony Romo
77.9%
2015Cam Newton
77.8%
2012Ben Roethlisberger
77.4%
Year QB % Correct
2013Tony Romo
77%
2015Alex Smith
76.9%
2010Matt Ryan
76.8%
2009Donovan McNabb
75.5%
2004Donovan McNabb
75.5%
2010Michael Vick
75%
2010Joe Flacco
74.6%
2017Matthew Stafford
74.1%
2012Joe Flacco
73.2%
2013Andrew Luck
72.9%
2016Matthew Stafford
72.5%
2014Tony Romo
71.4%
2012Robert Griffin III
69.5%
2016Derek Carr
68.1%
2013Colin Kaepernick
66%
2015Andy Dalton
65.1%
2016Dak Prescott
63.3%
2017Jared Goff
61.8%
2013Nick Foles
59.9%
2005Matt Hasselbeck
57.5%
2016Marcus Mariota
57.2%
2016Sam Bradford
55.8%
2003Steve McNair
54.8%
2017Case Keenum
54.7%
2002Brad Johnson
52.6%
2010 Matt Cassel
51.8%
2001Rich Gannon
51.5%
2002Rich Gannon
51.5%
2015Tyrod Taylor
47.8%
2002Chad Pennington
46.5%
2010Josh Freeman
44.2%
2002Jeff Garcia
43%
2000Jeff Garcia
43%
2006Marc Bulger
42.9%
2010Kyle Orton
42.2%
2005Mark Brunell
33%
2003Aaron Brooks
27.6%

You're not logged in!

Compare scores with friends on all Sporcle quizzes.
Join for Free
OR
Log In

You Might Also Like...

Show Comments

Extras

Top Quizzes Today


Score Distribution

Your Account Isn't Verified!

In order to create a playlist on Sporcle, you need to verify the email address you used during registration. Go to your Sporcle Settings to finish the process.

Report this User

Report this user for behavior that violates our Community Guidelines.

Details: